000306947 001__ 306947
000306947 005__ 20240928181407.0
000306947 0247_ $$aG:(GEPRIS)5450230$$d5450230
000306947 035__ $$aG:(GEPRIS)5450230
000306947 040__ $$aGEPRIS$$chttp://gepris.its.kfa-juelich.de
000306947 150__ $$aEpigenetische Kontrolle des Cytomegalievirus-Chromosoms$$y2005 - 2013
000306947 371__ $$aProfessor Dr. Michael Martin Nevels
000306947 450__ $$aDFG project G:(GEPRIS)5450230$$wd$$y2005 - 2013
000306947 5101_ $$0I:(DE-588b)2007744-0$$aDeutsche Forschungsgemeinschaft$$bDFG
000306947 680__ $$a
000306947 909CO $$ooai:juser.fz-juelich.de:973822$$pauthority$$pauthority:GRANT
000306947 909CO $$ooai:juser.fz-juelich.de:973822
000306947 980__ $$aG
000306947 980__ $$aAUTHORITY